| 000 | 03359nam0a2200433 4500 | ||
|---|---|---|---|
| 001 | RU\NLR\BIBL_A\011379532 | ||
| 005 | 20260405152401.0 | ||
| 020 |
_aRU _b2105 _9Сводный каталог листовок первых лет Советской власти (25 октября (7 ноября) 1917 - 1925) Т.1. Листовки высших органов государственной власти и управления, центральных партийных, профсоюзных, комсомольских и других организаций. Ч.1.-2 |
||
| 035 | _a(NLR Aleph) 011379532 | ||
| 090 |
_a11393259 _c11393259 |
||
| 100 | _a20170502d1921 |||y0rusy50 ca | ||
| 101 | 0 | _arus | |
| 102 | _aRU | ||
| 105 | _ay z 000zy | ||
| 135 | _acrgn 008apaba | ||
| 200 | 1 |
_aДети - голодным детям _e[листовка] |
|
| 210 |
_aОханск _cТип. Экон. отд. _d1921 |
||
| 215 |
_a2 с. _d19х15 |
||
| 300 | _aПодпись: Президиум ЦК Союза работников просвещения | ||
| 300 | _aВ конце текста: Работникам просвещения. "Печатая выше письмо Иорданского и обращение ЦК Союза, Уком Всеработпрос и УОНО призывает вас широко развить дело помощи детей - детям...". Предукома Бурдина, зав. УОНО Шардаков | ||
| 325 | 1 | _aКопия доступна в Электронной библиотеке РНБ | |
| 540 | 1 | _aРаботникам просвещения. "Печатая выше письмо Иорданского и обращение ЦК Союза, Уком Всеработпрос и УОНО призывает вас широко развить дело помощи детей - детям...". Предукома Бурдина, зав. УОНО Шардаков | |
| 540 | 1 | _a"Печатая выше письмо Иорданского и обращение ЦК Союза, Уком Всеработпрос и УОНО призывает вас широко развить дело помощи детей - детям...". Предукома Бурдина, зав. УОНО Шардаков | |
| 607 |
_aРСФСР _jЛистовки _xПолитика и управление _y1917 - 1925 _92312782 _3RU\NLR\auth\6601609564 |
||
| 686 | 0 | _aТ3(2)71-313,011 | |
| 686 | 1 | _aФ72(2)925.13,011 | |
| 702 | 1 |
_aБурдина _4720 |
|
| 702 | 1 |
_4720 _7ca _8rus _aШардаков _bМ. Н. _cдеятель народного образования _cд-р психол. наук _f1895-1961 _gМихаил Николаевич _9174977 _3RU\NLR\AUTH\770175028 |
|
| 702 | 1 |
_4570 _8rus _7ca _aИорданский _bН. И. _f1876-1928 _gНиколай Иванович _3RU\NLR\AUTH\7763476 _946405 |
|
| 711 | 0 | 2 |
_aСоюз работников просвещения СССР _bЦК _bПрезидиум _9557080 _3RU\NLR\AUTH\880446741 |
| 852 | 0 | 0 |
_aNLR _bФЛ _j11/162 |
| 942 | _cBOOK | ||
| 980 | _aNB | ||
| 981 | 2 | 1 |
_a(21) Листовки _b(21) Листовки 1921 года |